Bon Jovi or Scorpions? - Statistics

General Stats
  • This quiz has been taken 64 times
  • The average score is 17 of 20
Answer Stats
Hint Answer % Correct
You give love a bad name Bon Jovi
100%
Livin' on a prayer Bon Jovi
96%
Runaway Bon Jovi
96%
Bad medicine Bon Jovi
96%
Wind of change Scorpions
96%
Send me an angel Scorpions
96%
Bed of roses Bon Jovi
94%
It's my life Bon Jovi
94%
Rock you like a hurricane Scorpions
94%
No one like you Scorpions
90%
Always Bon Jovi
88%
Still loving you Scorpions
84%
Always somewhere Scorpions
82%
Lovedrive Scorpions
82%
I'm leaving you Scorpions
80%
Never say goodbye Bon Jovi
76%
Coming home Scorpions
76%
She don't know me Bon Jovi
69%
Love lies Bon Jovi
53%
Only lonely Bon Jovi
45%
No matching quizzes found
Score Distribution
Percent of People with Each Score
Percentile by Number Answered
Your Score History
You have not taken this quiz